Responses for Jeopardy! Masters game #30 - Monday, May 13, 2024

2024 Jeopardy! Masters quarterfinal game 10.

Contestants

[<< previous game]

Mattea Roach, a writer and podcast host from Toronto, Ontario, Canada

Amy Schneider, a writer from Oakland, California

Yogesh Raut, a cognitive and behavioral scientist from Vancouver, Washington

[next game >>]

Jeopardy! Round responses

MIDDLE NAME, PLEASE
MAIS OUI, FRENCH LIT
HAVING AN IN-OF-BODY EXPERIENCE
WHAT MONTH IS IT?
3-WORD PHRASES
I'M CHRIS PRATT
(Chris Pratt: ...with clues about my career.)
    200 26
(Amy: What's... Fitzgerald?)

Francis

YogeshAmy
    200 30
Quasimodo

Amy
    200 29
the spleen

Amy
    200 23
(Ken: Dry [*], you're correct.)

January

Mattea
    200 21
a blaze of glory

Amy
    200 20
(Amy: Most famous lasagna-loving feline. 3-WORD PHRASES, 200.)
(Ken: I don't even know who's in second.)

Garfield

Amy
    400 25
Knox

Yogesh
    400 27
The Little Prince

Yogesh
    400 28
the pituitary

Amy
    400 24
May (1945)

Yogesh
    400 22
alive and kicking

Amy
    400 16
Parks and Recreation

Yogesh
    600 3
Maria

Mattea
    600 9
Tartuffe

Mattea
    600 15
(Amy: I'M CHRIS PRATT, 400.)
(Ken: No you're not, but he is...)

incisors

Amy
    600 14
(Yogesh: Uh, what is March?)

April

YogeshMattea
    600 13
mind the gap

Amy
    600 19
(Ken: Correct--)
(Mattea: Ah-ha!)
(Ken: --beating Amy to the Oakland clue.)

the Oakland A's

Mattea
    800 2
(1 of) Finley & Breese

Triple Stumper
    800 8
(Ken: From Count of Monte Cristo, yes.)

the Château d'If

Amy
    1,600 11
temporal

Amy
    800 10
December

Amy
    800 12
all systems go

Triple Stumper
    800 18
Star-Lord

Amy
    1000 1
Augustus

Yogesh
    1000 4
Rimbaud

Yogesh
    1000 5
a groin pull

Triple Stumper
    1000 6
Muharram

Triple Stumper
    1000 7
"Ac-Cent-Tchu-Ate The Positive"

Yogesh
    1000 17
Fuqua

Yogesh

Scores at the end of the Jeopardy! Round:

Yogesh Amy Mattea
5,200 6,600 2,600

Double Jeopardy! Round responses

NAVAL GAZING
GERMAN WORDS
NAMES IN SONGS
GETTING TOUGH ON THE BORDERS
WHY ARE YOU RUNNING?
THE "F.B.", I
    400 30
wolf packs

Yogesh
    400 29
your butt

Mattea
    400 19
(Mattea: Gotta get the Drake content.)

Kiki

Mattea
    400 16
Liechtenstein

Yogesh
    400 20
it was on a Sunday

Amy
    400 28
(Ken: In Funny Girl, right.)

Fanny Brice

Amy
    800 11
lodestone

Yogesh
    800 26
Munich

Amy
    800 18
Tyrone

Triple Stumper
    2,600 1
Latvia

Mattea
    800 10
Argentina

Mattea
    800 27
(Amy: Who is... Francisco Batista?)
(Yogesh: Uh, who is, uh, uh, ¿quién es [*]?)

Fulgencio Batista

YogeshAmy
    1200 2
dead reckoning

Amy
    1200 24
Liebchen

Amy
    1200 17
(Ken: Just like his guitar, yeah.)

B.B. King

Mattea
    1200 23
(Mattea: What are Honduras and Nicaragua?)

Honduras & Guatemala

YogeshMattea
    1200 8
[Yogesh gave the complete response after some initial hesitation on Ken's part.]

a (Belgian) Malinois

Yogesh
    1200 14
Francis Bacon

Mattea
    1600 3
Lake Maracaibo

Yogesh
    8,800 15
the Übermensch

Mattea
    1600 4
Mean Mr. Mustard

Yogesh
    1600 22
(Ken: Found at the southern tip, [*].)

Malaysia

Triple Stumper
    1600 7
La Guardia

Mattea
    1600 13
(Ken: Before Amy's time in Oakland, I guess.)

Fred Biletnikoff

Triple Stumper
    2000 25
the Battle of Chesapeake Bay

Triple Stumper
    2000 6
echt

Triple Stumper
    2000 5
(Ken: A guess is better than nothing. Well done.)
(Yogesh: I suppose so.)

Dani California

Yogesh
    2000 21
(Yogesh: Where is, uh, Côte d'Ivoire?)

Togo

YogeshMattea
    2000 9
"The Loneliness of the Long-Distance Runner"

Yogesh
    2000 12
Frank Borman

Yogesh

Scores at the end of the Double Jeopardy! Round:

Yogesh Amy Mattea
17,200 9,800 20,400

[wagering suggestions for these scores]

Final Jeopardy! Round responses

ANAGRAMS
(Ken: The two anagrams here are [*] and [*], if that makes sense.)
AmyWhat is coding
7,401
YogeshWhat binary
17,200
MatteaWhat are ?
14,001
algorithm & logarithm

Final scores:

Yogesh Amy Mattea
0 2,399 6,399
3rd place: 10 match points 2nd place: 5 match points Winner: 5 match points

Game dynamics:

Coryat scores:

Yogesh Amy Mattea
17,200 9,000 11,400
20 R,
2 W
17 R
(including 1 DD),
2 W
14 R
(including 2 DDs),
1 W

Combined Coryat: 37,600

[game clues] [game scores] [suggest correction]

Game tape date: 2024-04-18
The J! Archive is created by fans, for fans. Scraping, republication, monetization, and malicious use prohibited; this site may use cookies and collect identifying information. See terms. The Jeopardy! game show and all elements thereof, including but not limited to copyright and trademark thereto, are the property of Jeopardy Productions, Inc. and are protected under law. This website is not affiliated with, sponsored by, or operated by Jeopardy Productions, Inc. Join the discussion at JBoard.tv.